| 000 -ლიდერი |
| ფიქსირებული სიგრძის საკონტროლო ველი |
01898nam a22002777a 4500 |
| 003 - საკონტროლო ნომრის იდენტიფიკატორი |
| საკონტროლო ველი |
Ge_BSU |
| 005 - ბოლო ოპერაციის თარიღი და დრო |
| საკონტროლო ველი |
20220630132033.0 |
| 008 - ფიქსირებული სიგრძის მონაცემთა ელემენტები - ზოგადი ინფორმაცია |
| ფიქსირებული სიგრძის საკონტროლო ველი |
220630s2018 ge ||||| |||| 00| 0 geo d |
| 041 ## - ენის კოდი |
| Language code of text/sound track or separate title |
geo |
| 080 ## - უნივერსალური ათობითი კლასიფიკაციის ინდექსი |
| Universal Decimal Classification number |
634.733 ლ-95 |
| 245 ## - ცნობა სათაურის შესახებ |
| Title |
ლურჯი მოცვი : |
| Remainder of title |
სახელმძღვანელო ფერმერებითვის / |
| Statement of responsibility, etc |
წიგნზე მუშაობდნენ ლალი გოგინავა, კეკური ძერია, ნანა მიროტაძე, მაია მიროტაძე; რედ. თამარ სანიკიძე, თამარ ახალაძე, მაია მიქავა. |
| 264 ## - წარმოების, გამოცემის, დისტრიბუციის და სხვა ცნობები |
| გამოცემის, წარმოების, დისტრიბუციის... ადგილი |
თბილისი, |
| გამოცემის, წარმოების, დისტრიბუციის... თარიღი |
2018. |
| 300 ## - ფიზიკური აღწერა |
| Extent |
60 გვ. : |
| Other physical details |
ილ.; |
| Dimensions |
25 სმ. |
| 500 ## - ზოგადი შენიშვნა |
| General note |
სახელმძღვანელო შედგენილია გაეროს განვითარების პროგრამისა (UNDP) და შვეიცარიის განვითარებისა და თანამშრომლობის სააგენტოს (SDC) მხარდაჭერით. |
| 504 ## - BIBLIOGRAPHY, ETC. NOTE |
| Bibliography, etc |
ბიბლიოგრ. გვ. 59-60 |
| 653 ## - INDEX TERM--UNCONTROLLED |
| Uncontrolled term |
ლურჯი მოცვი |
| 653 ## - INDEX TERM--UNCONTROLLED |
| Uncontrolled term |
სახელმძღვანელო ფერმერებითვის |
| 700 ## - ADDED ENTRY--PERSONAL NAME |
| Personal name |
გოგინავა, ლალი |
| 9 (RLIN) |
14253 |
| 700 ## - ADDED ENTRY--PERSONAL NAME |
| Personal name |
ძერია, კეკური |
| 9 (RLIN) |
14254 |
| 700 ## - ADDED ENTRY--PERSONAL NAME |
| Personal name |
მიროტაძე, ნანა |
| 9 (RLIN) |
14255 |
| 700 ## - ADDED ENTRY--PERSONAL NAME |
| Personal name |
მიროტაძე, მაია |
| 9 (RLIN) |
14256 |
| 700 ## - ADDED ENTRY--PERSONAL NAME |
| Personal name |
სანიკიძე, თამარ |
| Relator term |
რედაქტორი |
| 9 (RLIN) |
14262 |
| 700 ## - ADDED ENTRY--PERSONAL NAME |
| Personal name |
ახალაძე, თამარ |
| Relator term |
რედაქტორი |
| 9 (RLIN) |
14261 |
| 700 ## - ADDED ENTRY--PERSONAL NAME |
| Personal name |
მიქავა, მაია |
| Relator term |
რედაქტორი |
| 9 (RLIN) |
14263 |
| 942 ## - ADDED ENTRY ELEMENTS (KOHA) |
| Source of classification or shelving scheme |
|
| Koha item type |
წიგნი |